The Routledge handbook of research methods for social-ecological systems / (Record no. 1536)

MARC details
000 -LEADER
fixed length control field 00851nam a22002417a 4500
003 - CONTROL NUMBER IDENTIFIER
control field BD-DhJNU
005 - DATE AND TIME OF LATEST TRANSACTION
control field 20250406111928.0
008 - FIXED-LENGTH DATA ELEMENTS--GENERAL INFORMATION
fixed length control field 250406b |||||||| |||| 00| 0 eng d
020 ## - INTERNATIONAL STANDARD BOOK NUMBER
International Standard Book Number 978367898403
020 ## - INTERNATIONAL STANDARD BOOK NUMBER
International Standard Book Number 9781032020761
020 ## - INTERNATIONAL STANDARD BOOK NUMBER
International Standard Book Number 9781003021339
040 ## - CATALOGING SOURCE
Original cataloging agency BD-DhJNU
Language of cataloging ENG
Transcribing agency BD-DhJNU
Modifying agency BD-DhJNU
082 ## - DEWEY DECIMAL CLASSIFICATION NUMBER
Edition number 23
Classification number 304.2072 ROU
245 ## - TITLE STATEMENT
Title The Routledge handbook of research methods for social-ecological systems /
Statement of responsibility, etc. edited by Reinette Biggs...[et al.].
260 ## - PUBLICATION, DISTRIBUTION, ETC.
Place of publication, distribution, etc. New York :
Name of publisher, distributor, etc. Routledge, Taylor & Francis Group,
Date of publication, distribution, etc. 2022.
300 ## - PHYSICAL DESCRIPTION
Extent xxxii, 494p. :
Other physical details ill. ;
Dimensions 25 cm.
490 ## - SERIES STATEMENT
Series statement Routledge international handbooks
504 ## - BIBLIOGRAPHY, ETC. NOTE
Bibliography, etc. note Includes bibliographical references and index
650 ## - SUBJECT ADDED ENTRY--TOPICAL TERM
Topical term or geographic name entry element Social ecology Research
650 ## - SUBJECT ADDED ENTRY--TOPICAL TERM
Topical term or geographic name entry element Social sciences Research Methodology
700 ## - ADDED ENTRY--PERSONAL NAME
Personal name Biggs, Reinette
Relator term editor
942 ## - ADDED ENTRY ELEMENTS (KOHA)
Source of classification or shelving scheme Dewey Decimal Classification
Koha item type Books
Suppress in OPAC No
Holdings
Withdrawn status Lost status Source of classification or shelving scheme Damaged status Not for loan Collection Home library Current library Shelving location Date acquired Source of acquisition Total checkouts Full call number Barcode Date last seen Copy number Price effective from Koha item type
    Dewey Decimal Classification     Non-fiction Jagannath University Central Library Jagannath University Central Library General stacks 04/06/2025 Purchased   304.2072 ROU JNUCL33517 04/06/2025 1 04/06/2025 Books